Sport By Description - Statistics

General Stats
  • This quiz has been taken 50 times
  • The average score is 8 of 10
Answer Stats
Hint Answer % Correct
You need a racket and a ball Tennis
100%
In this sport, you kick the ball Soccer
96%
You dribble a ball and try to make it into the hoop Basketball
91%
In this sport, you need to hit the ball with a bat Baseball
87%
You need a club to hit a small ball Golf
83%
You try to hit a ball over a net with your bare arms Volleyball
83%
You use your entire body to try to navigate through a pool and beat others Swimming
81%
You need a egg shaped ball Football
79%
You hit a puck with a stick Hockey
79%
About the same as baseball, but with a green and bigger sized ball Softball
64%
No matching quizzes found
Score Distribution
Percent of People with Each Score
Percentile by Number Answered
Your Score History
You have not taken this quiz